Borland C++ Techniques & Utilities. (Record no. 550974)

000 -LEADER
fixed length control field 01275cam a22002054a 4500
020 ## - INTERNATIONAL STANDARD BOOK NUMBER
International Standard Book Number 0123850037 (pbk.)
020 ## - INTERNATIONAL STANDARD BOOK NUMBER
International Standard Book Number 9780123850034 (pbk.)
082 00 - DEWEY DECIMAL CLASSIFICATION NUMBER
Classification number 005.133
Author Mark CHR
100 1# - MAIN ENTRY--PERSONAL NAME
Personal name Reddy, Martin.
9 (RLIN) 47867
245 10 - TITLE STATEMENT
Title Borland C++ Techniques & Utilities.
Statement of responsibility, etc. Christian, Kaare.:
260 ## - PUBLICATION, DISTRIBUTION, ETC.
Place of publication, distribution, etc. Burlington, MA :
Name of publisher, distributor, etc. Morgan Kaufmann,
Date of publication, distribution, etc. 1994
500 ## - GENERAL NOTE
General note Machine generated contents note: IntroductionChapter 1: QualitiesChapter 2: PatternsChapter 3: DesignChapter 4: StylesChapter 5: C++ UsageChapter 6: PerformanceChapter 7: VersioningChapter 8: DocumentationChapter 9: TestingChapter 10: ScriptingChapter 11: ExtensibilityAppendix A: LibrariesBibliographyIndex.
505 8# - FORMATTED CONTENTS NOTE
Formatted contents note Machine generated contents note: IntroductionChapter 1: QualitiesChapter 2: PatternsChapter 3: DesignChapter 4: StylesChapter 5: C++ UsageChapter 6: PerformanceChapter 7: VersioningChapter 8: DocumentationChapter 9: TestingChapter 10: ScriptingChapter 11: ExtensibilityAppendix A: LibrariesBibliographyIndex.
526 ## - STUDY PROGRAM INFORMATION NOTE
Program name 0
Interest level 0
Reading level 0
Title point value 005_133000000000000_CHR
650 #0 - SUBJECT ADDED ENTRY--TOPICAL TERM
Topical term or geographic name entry element Application program interfaces (Computer software)
9 (RLIN) 47868
650 #0 - SUBJECT ADDED ENTRY--TOPICAL TERM
Topical term or geographic name entry element C++ (Computer program language)
9 (RLIN) 1810
650 #0 - SUBJECT ADDED ENTRY--TOPICAL TERM
Topical term or geographic name entry element MCE
9 (RLIN) 379
856 40 - ELECTRONIC LOCATION AND ACCESS
Uniform Resource Identifier <a href="http://www.columbia.edu/cgi-bin/cul/resolve?clio8681072">http://www.columbia.edu/cgi-bin/cul/resolve?clio8681072</a>
942 ## - ADDED ENTRY ELEMENTS (KOHA)
Source of classification or shelving scheme
Koha item type Book
Holdings
Withdrawn status Lost status Source of classification or shelving scheme Damaged status Not for loan Permanent Location Current Location Date acquired Total Checkouts Full call number Barcode Date last seen Price effective from Koha item type
          Military College of Engineering (MCE) Military College of Engineering (MCE) 11/28/2014   005.133 CHR MCE-44321 12/01/2015 11/28/2014 Book
© 2023 Central Library, National University of Sciences and Technology. All Rights Reserved.